[Event "Global Chess League"]
[Site "Dubai UAE"]
[Date "2023.06.25"]
[EventDate "2023.06.22"]
[Round "5.2"]
[Result "1/2-1/2"]
[White "Alexander Grischuk"]
[Black "D Gukesh"]
[WhiteElo "2736"]
[BlackElo "2736"]
[PlyCount "188"]

1. e4 e5 2. Nf3 Nc6 3. Bb5 Nf6 4. O-O Nxe4 5. Re1 Nd6 6. Nxe5 Be7 7. Bf1 Nxe5 8.
Rxe5 O-O 9. d4 Bf6 10. Re1 Re8 11. Bf4 Rxe1 12. Qxe1 Ne8 13. Qc3 d5 14. Nd2 c6
15. a4 Nd6 16. Re1 Nf5 17. Nf3 Be6 18. a5 a6 19. h3 g6 20. Bd3 Rc8 21. Qb4 Qe7
22. Qxe7 Nxe7 23. b4 Bf5 24. Bd6 Be6 25. g4 Rd8 26. Bc7 Rd7 27. Be5 Bxe5 28.
Nxe5 Rd6 29. f4 f6 30. Nf3 Kf7 31. Kf2 Rd8 32. Nh4 Bd7 33. Kg3 Nc8 34. f5 g5 35.
Nf3 Nd6 36. h4 h6 37. h5 Re8 38. Rxe8 Kxe8 39. Nd2 Bc8 40. Nb3 Ke7 41. Kf3 Kd7
42. Ke3 Ke7 43. Nc5 Kd8 44. Kd2 Bd7 45. Kc3 Be8 46. Ne6+ Kd7 47. Nc5+ Kc8 48.
Kd2 Bf7 49. Na4 Kc7 50. Nb6 Bg8 51. Ke3 Bf7 52. Na8+ Kb8 53. Nb6 Kc7 54. c3 Kd8
55. Bc2 Kc7 56. Bb3 Ne4 57. Na4 Nd6 58. Ba2 Bg8 59. Nb6 Bf7 60. Bb1 Nb5 61. Kd2
Nd6 62. Bd3 Bg8 63. Na4 Bf7 64. Nb2 Bg8 65. Nd1 Bf7 66. Ne3 Bg8 67. Bc2 Bf7 68.
Bb3 Bg8 69. Kd3 Bf7 70. c4 dxc4+ 71. Bxc4 Nxc4 72. Nxc4 Bd5 73. Nd2 Kd7 74. Ke3
Kc7 75. Nb1 Kd7 76. Nc3 Kc7 77. Na4 Kd7 78. Nc5+ Kc7 79. Kf2 Kc8 80. Ke2 Kc7 81.
Ke3 Bg2 82. Ne6+ Kd7 83. Nc5+ Kc7 84. Nd3 Bd5 85. Nb2 Kd7 86. Na4 Kc7 87. Nc3
Kd7 88. Ke2 Kc7 89. Nd1 Kd7 90. Ne3 Kc7 91. Kd3 Bf3 92. Kc4 Kd6 93. Kc3 Kc7 94.
Kd3 Kd7 1/2-1/2

[Event "Global Chess League"]
[Site "Dubai UAE"]
[Date "2023.06.26"]
[EventDate "2023.06.22"]
[Round "6.2"]
[Result "1-0"]
[White "Nodirbek Abdusattorov"]
[Black "D Gukesh"]
[WhiteElo "2732"]
[BlackElo "2736"]
[PlyCount "98"]

1. e4 c6 2. Nf3 d5 3. d3 Bg4 4. h3 Bxf3 5. Qxf3 e6 6. g3 Nd7 7. Bg2 h5 8. h4
Ngf6 9. Qe2 Bd6 10. Nd2 Qc7 11. d4 dxe4 12. Nxe4 Nxe4 13. Bxe4 Nf6 14. Bf3 O-O-O
15. Bg5 Be7 16. O-O-O g6 17. Kb1 Ng8 18. Bc1 Nh6 19. Rd3 Nf5 20. Rhd1 Rd7 21. c4
Rhd8 22. d5 exd5 23. cxd5 c5 24. Bg2 c4 25. Rc3 b5 26. Qf3 Nd6 27. Bf4 Qb6 28.
Re3 Rc7 29. Be5 b4 30. Bd4 Qb5 31. Qe2 c3 32. Rc1 Qxe2 33. Rxe2 Nb5 34. Be5 Bd6
35. Bf6 Rf8 36. a4 cxb2 37. Rxc7+ Nxc7 38. Rc2 Re8 39. Rc6 Re1+ 40. Kxb2 Re2+
41. Kb3 Rxf2 42. Bh3+ Kb7 43. Rxd6 Rf3+ 44. Kc4 Rxg3 45. Bd7 b3 46. Bc6+ Kb6 47.
Bd4+ Ka5 48. Rd7 Na6 49. Rb7 1-0

[Event "Global Chess League 2023"]
[Site "Dubai UAE"]
[Date "2023.06.28"]
[EventDate "2023.06.22"]
[Round "7.2"]
[Result "1-0"]
[White "Richard Rapport"]
[Black "D Gukesh"]
[WhiteElo "2752"]
[BlackElo "2736"]
[PlyCount "66"]

1. e4 e5 2. Nf3 Nc6 3. Bc4 Bc5 4. c3 Nf6 5. d3 d6 6. O-O a5 7. Re1 h6 8. Nbd2
O-O 9. h3 a4 10. Nf1 Bd7 11. d4 Bb6 12. Ng3 Re8 13. Re2 Qb8 14. Be3 exd4 15.
Bxd4 Nxd4 16. cxd4 Bc6 17. e5 Nd5 18. Re4 Qd8 19. Rg4 Kh8 20. Nf5 Bd7 21. Nxg7
Rg8 22. Qd2 Rxg7 23. Rxg7 Kxg7 24. Bxd5 c6 25. Bxf7 Qe7 26. e6 Bxe6 27. Bxe6
Qxe6 28. Qb4 Ra6 29. Re1 Qf6 30. d5 cxd5 31. Qg4+ Kf8 32. Qc8+ Bd8 33. Re6 1-0

[Event "Global Chess League"]
[Site "Dubai UAE"]
[Date "2023.06.29"]
[EventDate "?"]
[Round "8"]
[Result "1-0"]
[White "D Gukesh"]
[Black "Yangyi Yu"]
[WhiteElo "2629"]
[BlackElo "2734"]
[PlyCount "138"]

1. d4 d5 2. Bf4 Nf6 3. e3 Bg4 4. Nf3 e6 5. Nbd2 Bd6
6. Bxd6 Qxd6 7. c4 O-O 8. Be2 c5 9. dxc5 Qxc5 10. cxd5 Qxd5
11. O-O Nc6 12. Qa4 Rac8 13. Rfd1 Rfd8 14. h3 Bh5 15. Rac1 Qa5
16. Qb3 Qb4 17. a3 Qe7 18. Nc4 h6 19. Qa4 Nd5 20. g4 Bg6
21. Nce5 Nxe5 22. Nxe5 Rxc1 23. Rxc1 Qf6 24. Nxg6 fxg6 25. Rc2 Rf8
26. Bd3 a6 27. Qe4 Kh7 28. h4 Ne7 29. h5 Kh8 30. hxg6 Nd5
31. Bf1 Ne7 32. Bd3 Nd5 33. Kf1 Qg5 34. Ke1 Qd8 35. Qd4 Qg5
36. Qe4 Qd8 37. Rd2 Qf6 38. Kd1 b5 39. Kc1 Qe7 40. Kb1 Qf6
41. Rc2 Qe7 42. Rc6 Nf6 43. Qxe6 Qxe6 44. Rxe6 Nxg4 45. f4 h5
46. Be2 Nf6 47. Bf3 h4 48. Kc2 h3 49. Kd2 Rc8 50. Rxa6 h2
51. Rc6 Rd8+ 52. Ke2 Kg8 53. Rc1 Kf8 54. Rh1 Rc8 55. Kd2 Rd8+
56. Kc2 Rc8+ 57. Kb1 Re8 58. Rxh2 Rxe3 59. Bc6 b4 60. axb4 Rb3
61. b5 Ke7 62. Rd2 Rb4 63. f5 Ng4 64. Rd7+ Kf6 65. Rf7+ Kg5
66. Rxg7 Kxf5 67. Rg8 Nh6 68. Rb8 Kxg6 69. b6 1-0

[Event "Global Chess League"]
[Site "Dubai UAE"]
[Date "2023.07.01"]
[EventDate "2023.06.22"]
[Round "10.2"]
[Result "0-1"]
[White "D Gukesh"]
[Black "Alexander Grischuk"]
[WhiteElo "2736"]
[BlackElo "2736"]
[PlyCount "98"]

1. d4 Nf6 2. c4 e6 3. Nf3 d5 4. Nc3 c5 5. cxd5 cxd4 6. Qxd4 exd5 7. Bg5 Be7 8.
e3 O-O 9. Rd1 Be6 10. Qa4 Qb6 11. Qb5 Nbd7 12. Be2 Bb4 13. Rd4 Bxc3+ 14. bxc3
Rfc8 15. Nd2 Rxc3 16. O-O Ra3 17. Ra1 Rc8 18. Qxb6 Nxb6 19. Bxf6 gxf6 20. Bd1
Rac3 21. Nb3 Nc4 22. Bf3 Nb6 23. h3 R8c4 24. Be2 Rxd4 25. Nxd4 Bd7 26. Rb1 Kf8
27. Bb5 Bc6 28. a4 Ra3 29. Nxc6 bxc6 30. Bxc6 Ke7 31. Rb4 Rc3 32. Bb5 Nc4 33.
Ba6 Nd6 34. Rd4 Ke6 35. Be2 Ne4 36. Bf3 f5 37. g4 Rc4 38. gxf5+ Ke5 39. Rd1 Rxa4
40. Bh5 f6 41. Bf7 Nc3 42. Rd3 Rc4 43. f3 a5 44. e4 dxe4 45. fxe4 Rc7 46. Bd5 a4
47. Kg2 Nxe4 48. Bxe4 Kxe4 49. Rd6 Ra7 0-1

[Event "SuperUnited Rapid Croatia"]
[Site "Zagreb CRO"]
[Date "2023.07.05"]
[EventDate "2023.07.05"]
[Round "2.4"]
[Result "1/2-1/2"]
[White "D Gukesh"]
[Black "Ian Nepomniachtchi"]
[WhiteElo "2744"]
[BlackElo "2779"]
[PlyCount "58"]

1. d4 Nf6 2. Bf4 c5 3. d5 d6 4. Nc3 a6 5. a4 e5 6. Bg5 Be7 7. Bxf6 Bxf6 8. e4
Bg5 9. a5 O-O 10. g3 b5 11. axb6 Qxb6 12. Ra2 f5 13. h4 Bd8 14. Bh3 c4 15. Qe2
Qc5 16. Nf3 Ba5 17. Nd2 Bxc3 18. bxc3 fxe4 19. Bg2 Bf5 20. g4 Bd7 21. Nxe4 Qb6
22. Qxc4 a5 23. Qb3 Qc7 24. Rb2 Bxg4 25. Qb7 Qc4 26. Qb5 Qc8 27. Qb7 Qc4 28. Qb5
Qc8 29. Qb7 Qc4 1/2-1/2

[Event "SuperUnited Rapid Croatia"]
[Site "Zagreb CRO"]
[Date "2023.07.05"]
[EventDate "2023.07.05"]
[Round "3.4"]
[Result "1/2-1/2"]
[White "Alireza Firouzja"]
[Black "D Gukesh"]
[WhiteElo "2777"]
[BlackElo "2744"]
[PlyCount "96"]

1. d4 Nf6 2. c4 e6 3. Nc3 Bb4 4. e3 O-O 5. Bd3 d5 6. cxd5 exd5 7. a3 Bd6 8. Qc2
Na6 9. Nge2 c5 10. Bxa6 bxa6 11. dxc5 Bxc5 12. O-O Bb7 13. Rd1 Rc8 14. h3 Qe7
15. b4 Bd6 16. Qd3 Qe5 17. f4 Qe7 18. Nd4 g6 19. Bb2 Rfe8 20. Re1 Rc7 21. Nf3
Rec8 22. Qd4 Rc4 23. Nxd5 Bxd5 24. Qxf6 Qxf6 25. Bxf6 Bxf3 26. gxf3 Bf8 27. Kf2
Bg7 28. Be5 a5 29. bxa5 R4c5 30. Bxg7 Kxg7 31. Rab1 Rxa5 32. Rb3 Rh5 33. Kg3
Rhc5 34. e4 R8c7 35. e5 Rc2 36. f5 gxf5 37. Kf4 f6 38. e6 R2c4+ 39. Kg3 Re7 40.
Rd3 Rc6 41. Rd7 Rxd7 42. exd7 Rd6 43. Re7+ Kg6 44. h4 a5 45. h5+ Kxh5 46. Rxh7+
Kg6 47. Re7 Rd2 48. a4 1/2-1/2

[Event "SuperUnited Rapid Croatia"]
[Site "Zagreb CRO"]
[Date "2023.07.06"]
[EventDate "2023.07.05"]
[Round "4"]
[Result "1/2-1/2"]
[White "D Gukesh"]
[Black "R Rapport"]
[WhiteElo "2744"]
[BlackElo "2752"]
[PlyCount "114"]

1. e4 c5 2. Nf3 d6 3. d4 cxd4 4. Nxd4 Nf6 5. Nc3 Nc6 6. Bg5 Bd7 7. Qd2 Rc8
8. O-O-O Nxd4 9. Qxd4 Qa5 10. Bd2 a6 11. Kb1 Qc5 12. Qxc5 Rxc5 13. f3 h5
14. Be3 Rc8 15. h4 g6 16. Bd4 Be6 17. Na4 Rc6 18. Nb6 Rg8 19. c4 Bg7 20.
Nd5 Rc8 21. Nb6 Rc6 22. Be3 Nd7 23. Nd5 f5 24. Bd3 Ne5 25. b3 Nxd3 26. Rxd3
fxe4 27. fxe4 Rf8 28. Rc1 Be5 29. Rd2 Bg4 30. Kc2 Rf7 31. Kd3 e6 32. Nb4
Rc8 33. Bg5 b5 34. Nxa6 d5 35. exd5 exd5 36. Re1 Bf5+ 37. Ke3 bxc4 38. Rxd5
Bc3 39. Red1 Ra7 40. Nc5 Kf7 41. bxc4 Re8+ 42. Kf4 Rxa2 43. Nb7 Rf2+ 44.
Kg3 Ree2 45. Rg1 Be1 46. Kh2 Bb4 47. Rb5 Rf3 48. Rd1 Rh3+ 49. Kg1 Rg3 50.
Rxb4 Rgxg2+ 51. Kf1 Bh3 52. Rb3 Ref2+ 53. Ke1 Re2+ 54. Kf1 Ref2+ 55. Ke1
Re2+ 56. Kf1 Ref2+ 57. Ke1 Re2+ 1/2-1/2

[Event "SuperUnited Rapid Croatia"]
[Site "Zagreb CRO"]
[Date "2023.07.06"]
[EventDate "2023.07.05"]
[Round "5"]
[Result "0-1"]
[White "C Lupulescu"]
[Black "D Gukesh"]
[WhiteElo "2584"]
[BlackElo "2744"]
[PlyCount "60"]

1. d4 Nf6 2. c4 e6 3. Nc3 Bb4 4. e3 O-O 5. Bd3 Re8 6. Nge2 d5 7. O-O Nbd7
8. Qc2 dxc4 9. Bxc4 c5 10. a3 Bxc3 11. bxc3 Qc7 12. Ng3 b6 13. e4 cxd4 14.
cxd4 Ba6 15. Bd3 Qxc2 16. Bxc2 Rac8 17. Bd1 Bxf1 18. Kxf1 Red8 19. Be3 Nb8
20. Be2 Rc3 21. Ke1 Nc6 22. Kd2 Rb3 23. Kc2 Na5 24. Ba6 Rd7 25. Bf4 Rxd4
26. Bd2 Rb2+ 27. Kxb2 Rxd2+ 28. Kc3 Rxf2 29. Rd1 g6 30. Rd8+ Kg7 0-1

[Event "SuperUnited Rapid Croatia"]
[Site "Zagreb CRO"]
[Date "2023.07.06"]
[EventDate "2023.07.05"]
[Round "6"]
[Result "1-0"]
[White "D Gukesh"]
[Black "Iv Saric"]
[WhiteElo "2744"]
[BlackElo "2657"]
[PlyCount "126"]

1. e4 c5 2. Nf3 e6 3. c3 Nf6 4. e5 Nd5 5. g3 Nc6 6. Bg2 d6 7. exd6 Bxd6 8.
d4 O-O 9. O-O h6 10. c4 Nb6 11. d5 Na5 12. Nc3 Naxc4 13. b3 Ne5 14. Bb2
Nxf3+ 15. Qxf3 Be5 16. dxe6 Bxe6 17. Rad1 Qf6 18. Qe3 Qf5 19. Bxb7 Rab8 20.
Be4 Qh5 21. Qxc5 Rfc8 22. Qe3 Nc4 23. bxc4 Rxb2 24. Nd5 Re8 25. Qxa7 Qe2
26. Qa4 Rf8 27. Rde1 Qd2 28. Qa3 Rfb8 29. Qf3 Qg5 30. h4 Qd8 31. Bd3 Bxd5
32. cxd5 Bc3 33. Rc1 Qf6 34. Qe4 g6 35. Rc2 Rxc2 36. Bxc2 Rb2 37. a4 h5 38.
Rd1 Be5 39. Re1 Bd6 40. Re2 Ra2 41. Kg2 Kg7 42. Bd3 Ra1 43. Bb5 Qc3 44. Qc2
Qd4 45. Qb2 Qxb2 46. Rxb2 Kf6 47. Bc6 Bc5 48. Rc2 Bd6 49. Kf3 Ke5 50. Re2+
Kf5 51. Bd7+ Kf6 52. Ke4 Ke7 53. Bc6 Bc5 54. Kd3+ Kd6 55. Be8 f6 56. Bxg6
Kxd5 57. Bf7+ Kd6 58. Re6+ Kd7 59. Rxf6 Rxa4 60. Bxh5 Ra2 61. Be2 Ra3+ 62.
Ke4 Ra2 63. Kf3 1-0

[Event "SuperUnited Rapid Croatia"]
[Site "Zagreb CRO"]
[Date "2023.07.07"]
[EventDate "2023.07.05"]
[Round "7.2"]
[Result "1-0"]
[White "Fabiano Caruana"]
[Black "D Gukesh"]
[WhiteElo "2782"]
[BlackElo "2744"]
[PlyCount "118"]

1. e4 e5 2. Nf3 Nc6 3. Bc4 Bc5 4. c3 Nf6 5. d3 d6 6. O-O a6 7. a4 Ba7 8. Nbd2
O-O 9. h3 h6 10. b4 Be6 11. Bxe6 fxe6 12. Re1 Ne7 13. Nf1 Ng6 14. Ng3 d5 15. Be3
Bxe3 16. Rxe3 c6 17. Qc2 a5 18. Rb1 axb4 19. cxb4 d4 20. Ree1 Nh7 21. Qd1 Rf7
22. Nf1 Ng5 23. N1h2 Nxf3+ 24. Nxf3 Qe7 25. Rb2 Raf8 26. Nh2 Nf4 27. Kh1 c5 28.
b5 b6 29. h4 Qc7 30. g3 Nxd3 31. Qxd3 c4 32. Qf1 d3 33. Rd2 c3 34. Rxd3 Rxf2 35.
Qh3 Qc4 36. Rd6 Re2 37. Rxe2 Qxe2 38. Qxe6+ Kh8 39. Qxe5 c2 40. Rxh6+ Kg8 41.
Qd5+ Rf7 42. Rc6 Qd1+ 43. Kg2 c1=Q 44. Rxc1 Qxc1 45. Nf3 Qc2+ 46. Nd2 Qxa4 47.
e5 Qa3 48. e6 Re7 49. Ne4 Qb2+ 50. Kh3 Qe2 51. Qd8+ Kh7 52. Qxe7 Qxe4 53. Qf7
Qh1+ 54. Kg4 Qe4+ 55. Kg5 Qe3+ 56. Qf4 Qa3 57. Qe4+ Kg8 58. e7 Qxg3+ 59. Kh5 1-0

[Event "SuperUnited Rapid Croatia"]
[Site "Zagreb CRO"]
[Date "2023.07.07"]
[EventDate "2023.07.05"]
[Round "8.2"]
[Result "1-0"]
[White "D Gukesh"]
[Black "Viswanathan Anand"]
[WhiteElo "2744"]
[BlackElo "2754"]
[PlyCount "80"]

1. e4 c6 2. d4 d5 3. f3 e6 4. Nc3 Nd7 5. Be3 Bb4 6. Bd3 c5 7. exd5 exd5 8. dxc5
Bxc3+ 9. bxc3 Ne7 10. Ne2 O-O 11. O-O Qc7 12. a4 Nxc5 13. a5 Rd8 14. Bf4 Qd7 15.
Qd2 Nxd3 16. cxd3 Nc6 17. Ng3 f6 18. Rfe1 Qf7 19. Qf2 Be6 20. Be3 Qd7 21. Ne2
Bf5 22. Nf4 Qf7 23. h4 h6 24. h5 Ne5 25. Red1 Nc6 26. Rdb1 Rd7 27. Rb5 a6 28.
Rc5 Re8 29. c4 d4 30. Bd2 Re5 31. Rd5 Rexd5 32. cxd5 Ne7 33. g4 Bh7 34. Rc1 g5
35. hxg6 Bxg6 36. Qh4 h5 37. gxh5 Bf5 38. Kf2 Nxd5 39. Rc8+ Kh7 40. Ng6 1-0

[Event "SuperUnited Rapid Croatia"]
[Site "Zagreb CRO"]
[Date "2023.07.07"]
[EventDate "2023.07.05"]
[Round "9.3"]
[Result "1/2-1/2"]
[White "Jan-Krzysztof Duda"]
[Black "D Gukesh"]
[WhiteElo "2732"]
[BlackElo "2744"]
[PlyCount "126"]

1. e4 e5 2. Nf3 Nc6 3. Bc4 Bc5 4. c3 Nf6 5. d3 d6 6. O-O a6 7. a4 Ba7 8. Re1 O-O
9. h3 h6 10. Nbd2 Be6 11. Bxe6 fxe6 12. b4 Ne7 13. Nf1 Ng6 14. Be3 Bxe3 15. Rxe3
b5 16. g3 Qd7 17. N1d2 a5 18. bxa5 Rxa5 19. axb5 Rxa1 20. Qxa1 Qxb5 21. Qa2 Re8
22. d4 Kh8 23. c4 Qc6 24. dxe5 dxe5 25. Kg2 Rd8 26. Qa1 Kh7 27. Qe1 Ra8 28. Rb3
Ra2 29. Qe3 Qa8 30. Rb5 Qd8 31. Qc3 Qa8 32. Qe3 Qd8 33. Rb7 Qd6 34. Ra7 Nf4+ 35.
Kh2 Rxa7 36. Qxa7 Nd3 37. Qe3 Nb4 38. c5 Qd3 39. Nxe5 Qxe3 40. fxe3 Kg8 41. Kg2
Kf8 42. Kf3 Ke7 43. Nb3 Nd7 44. Nc4 Nd3 45. e5 N7xc5 46. Nd4 Nb4 47. h4 Nd7 48.
Ke4 Nc5+ 49. Kf3 Na4 50. Kg4 Nc3 51. Kh5 Kf7 52. g4 Nd3 53. g5 hxg5 54. Kxg5 Nd5
55. Nc6 Nb6 56. Na3 Nd7 57. Nb5 N3xe5 58. Nxe5+ Nxe5 59. Nxc7 Nf3+ 60. Kg4 Ne5+
61. Kg5 Nf3+ 62. Kg4 Ne5+ 63. Kg5 1/2-1/2

[Event "SuperUnited Blitz Croatia"]
[Site "Zagreb CRO"]
[Date "2023.07.08"]
[EventDate "?"]
[Round "10"]
[Result "1-0"]
[White "D Gukesh"]
[Black "Richard Rapport"]
[WhiteElo "2744"]
[BlackElo "2752"]
[PlyCount "112"]

1. e4 Nf6 2. e5 Nd5 3. d4 d6 4. Nf3 dxe5 5. Nxe5 c6
6. Be2 Bf5 7. O-O Nd7 8. Nf3 e6 9. c3 Be7 10. Bd3 Bxd3
11. Qxd3 O-O 12. Nbd2 c5 13. Ne4 cxd4 14. Nxd4 Nc5 15. Qe2 Nxe4
16. Qxe4 Qb6 17. Qe2 Rfd8 18. a4 Bf6 19. a5 Qc7 20. Nf3 a6
21. Bd2 Nf4 22. Bxf4 Qxf4 23. g3 Qf5 24. Ra4 Rac8 25. Rfa1 h6
26. Qe4 Qxe4 27. Rxe4 Be7 28. Kf1 Rc5 29. Ke2 Rb5 30. Ra2 Kf8
31. Nd2 Rbd5 32. b4 Bf6 33. Rc4 R5d7 34. Ne4 Be7 35. Rd2 f5
36. Rxd7 Rxd7 37. Rc8+ Kf7 38. Nd2 e5 39. Nc4 Bf6 40. Nb6 Re7
41. c4 Ke6 42. c5 e4 43. c6 Be5 44. Nd7 bxc6 45. Nc5+ Kd5
46. Nxa6 Bd4 47. Nb8 Re6 48. a6 Ba7 49. Nd7 Re7 50. Rc7 Bb8
51. Nb6+ Ke6 52. Rxc6+ Kf7 53. b5 g5 54. Nc8 Rd7 55. b6 f4
56. a7 1-0

[Event "SuperUnited Blitz Croatia"]
[Site "Zagreb CRO"]
[Date "2023.07.08"]
[EventDate "?"]
[Round "11"]
[Result "1-0"]
[White "Fabiano Caruana"]
[Black "D Gukesh"]
[WhiteElo "2782"]
[BlackElo "2744"]
[PlyCount "104"]

1. e4 e5 2. Nf3 Nc6 3. c3 Nf6 4. d4 d6 5. Bd3 g6
6. O-O Bg7 7. h3 O-O 8. Re1 Re8 9. d5 Ne7 10. c4 Rf8
11. Nc3 c5 12. Rb1 b6 13. b4 cxb4 14. Rxb4 Nd7 15. Bc2 Nc5
16. Na4 f5 17. Nxc5 bxc5 18. Rb2 fxe4 19. Bxe4 Nf5 20. Ng5 Qe7
21. Ne6 Rf7 22. Bg5 Bf6 23. Bxf6 Qxf6 24. Qa4 Bd7 25. Qa6 Re8
26. Bxf5 Qxf5 27. Qxd6 Bxe6 28. dxe6 Qxe6 29. Qxc5 Rc8 30. Qd5 Qxd5
31. cxd5 Re7 32. Re4 Kf7 33. d6 Rd7 34. Rxe5 Rc1+ 35. Kh2 Rd1
36. Re7+ Rxe7 37. dxe7 a5 38. Re2 Ke8 39. Kg3 Rd4 40. Re3 a4
41. f4 Rd2 42. a3 Rb2 43. Kf3 Rb3 44. g4 Rb1 45. Kg3 Rb3
46. Kf2 Rb2+ 47. Kf3 Rh2 48. Kg3 Rb2 49. f5 Rb3 50. Kf3 gxf5
51. gxf5 Rb1 52. Kf4 1-0

[Event "Turkiye Isbank Chess Super League"]
[Site "Ankara TUR"]
[Date "2023.07.11"]
[EventDate "2023.07.10"]
[Round "2.2"]
[Result "1/2-1/2"]
[White "Velimir Ivic"]
[Black "D Gukesh"]
[WhiteElo "2590"]
[BlackElo "2744"]
[PlyCount "112"]

1. e4 e5 2. Nf3 Nc6 3. Bb5 Nf6 4. d3 Bc5 5. Bxc6 dxc6 6. Nbd2 O-O 7. Nc4 Re8 8.
Be3 Bb4+ 9. Bd2 Bxd2+ 10. Qxd2 Nd7 11. O-O f6 12. Kh1 Nf8 13. Ng1 Be6 14. Ne3
Ng6 15. Ne2 Qd6 16. f3 Rad8 17. b3 c5 18. a4 b6 19. Rad1 a6 20. Qe1 b5 21. axb5
axb5 22. Ra1 Ra8 23. Ng3 Ne7 24. Qf2 Qd4 25. Rxa8 Rxa8 26. Ne2 Qd6 27. f4 Nc6
28. fxe5 Qxe5 29. Nf4 Nd4 30. Nxe6 Nxe6 31. h3 Ra1 32. Rxa1 Qxa1+ 33. Kh2 Qe5+
34. Kg1 Kf7 35. Nf5 h5 36. h4 c4 37. bxc4 bxc4 38. Ne3 Qa1+ 39. Kh2 cxd3 40.
cxd3 Qd4 41. Qf3 g6 42. Nd5 c6 43. Nf4 Nxf4 44. Qxf4 Ke6 45. Qh6 Qd6+ 46. g3
Qxd3 47. Qxg6 Qe2+ 48. Kg1 Qe3+ 49. Kg2 Qe2+ 50. Kg1 Qf3 51. Qe8+ Kd6 52. Qf8+
Kd7 53. Qf7+ Kd6 54. Qf8+ Kd7 55. Qf7+ Kc8 56. Qf8+ 1/2-1/2

[Event "Turkiye Isbank Chess Super League"]
[Site "Ankara TUR"]
[Date "2023.07.13"]
[EventDate "2023.07.10"]
[Round "4.3"]
[Result "1/2-1/2"]
[White "Shakhriyar Mamedyarov"]
[Black "D Gukesh"]
[WhiteElo "2742"]
[BlackElo "2744"]
[PlyCount "74"]

1. c4 c5 2. Nf3 Nf6 3. Nc3 Nc6 4. g3 d5 5. cxd5 Nxd5 6. Bg2 g6 7. O-O Bg7 8. Qb3
e6 9. Ne4 b6 10. d4 cxd4 11. Bg5 f6 12. Rac1 Nce7 13. Nxd4 O-O 14. Be3 Qd7 15.
Rfd1 Bb7 16. Bh3 f5 17. Ng5 e5 18. Nde6 Rfc8 19. Nxg7 Kxg7 20. Rxc8 Rxc8 21. Nf3
Nxe3 22. fxe3 Qc6 23. Kf2 Qf6 24. Rd7 Bxf3 25. exf3 a5 26. Bf1 f4 27. e4 h5 28.
Bc4 fxg3+ 29. hxg3 h4 30. gxh4 Qxh4+ 31. Ke2 Qg5 32. Kd3 Qf6 33. Kd2 Rc6 34. Ke2
Qg5 35. a4 Qg2+ 36. Kd1 Qg1+ 37. Ke2 Qg2+ 1/2-1/2

[Event "Turkiye Isbank Chess Super League"]
[Site "Ankara TUR"]
[Date "2023.07.14"]
[EventDate "2023.07.10"]
[Round "5.4"]
[Result "1-0"]
[White "D Gukesh"]
[Black "Anton Demchenko"]
[WhiteElo "2744"]
[BlackElo "2623"]
[PlyCount "72"]

1. c4 e6 2. Nc3 d5 3. d4 Nf6 4. cxd5 exd5 5. Bg5 c6 6. Qc2 Be7 7. e3 Nbd7 8. Bd3
O-O 9. Nge2 Re8 10. O-O g6 11. f3 b5 12. Rad1 Nf8 13. Bh4 Ne6 14. Kh1 Bd7 15.
Qc1 Rc8 16. e4 b4 17. Na4 dxe4 18. fxe4 Ng4 19. Bxe7 Qxe7 20. h3 c5 21. d5 Nd4
22. hxg4 Bxa4 23. b3 Qh4+ 24. Kg1 Qxg4 25. Nxd4 cxd4 26. Qd2 Bd7 27. Qxb4 f5 28.
Qxd4 fxe4 29. Bc4 e3 30. Rf4 Qh5 31. d6+ Rxc4 32. Qxc4+ Re6 33. Re1 Qe5 34. Rf3
e2 35. Rf2 Qb5 36. Qf4 1-0

[Event "Turkiye Isbank Chess Super League"]
[Site "Ankara TUR"]
[Date "2023.07.15"]
[EventDate "2023.07.10"]
[Round "6.4"]
[Result "1-0"]
[White "D Gukesh"]
[Black "Yanki Taspinar"]
[WhiteElo "2744"]
[BlackElo "2302"]
[PlyCount "130"]

1. d4 d5 2. c4 e6 3. Nf3 Nf6 4. Nc3 a6 5. cxd5 exd5 6. Qb3 c5 7. Bg5 c4 8. Qc2
Bb4 9. g3 h6 10. Bf4 O-O 11. Bg2 Nc6 12. O-O Bg4 13. Rfd1 Qc8 14. Ne5 Bf5 15.
Qc1 Rd8 16. a3 Bf8 17. Nxc6 bxc6 18. Be5 Ng4 19. Bf4 Nf6 20. f3 Re8 21. Kh1 Ra7
22. Re1 Rae7 23. Qd2 Qd8 24. g4 Bg6 25. Rg1 Rb7 26. Rac1 Qb6 27. Nd1 c5 28. Be5
cxd4 29. Bxd4 Bc5 30. Bxc5 Qxc5 31. b4 Qa7 32. h4 Rbe7 33. Bf1 Qd7 34. Rg2 Rd8
35. Nf2 h5 36. g5 Ne8 37. Rg1 Bf5 38. Qf4 g6 39. e4 dxe4 40. fxe4 Be6 41. Bxc4
Qa4 42. Bxe6 Rxe6 43. Rg3 Re7 44. Rc5 Ng7 45. Ra5 Qc6 46. Qf6 Qc1+ 47. Kg2 Rde8
48. Rf3 Ne6 49. Rxa6 Nf8 50. Rd6 Qc7 51. b5 Nd7 52. Qd4 Qb7 53. Qd5 Ne5 54. Qxb7
Rxb7 55. Rb3 Ra8 56. Rd4 Nd7 57. Nd3 Ra5 58. a4 Nb6 59. Rbb4 Rba7 60. Nc5 Kf8
61. Rd6 Nxa4 62. Nb3 Nc5 63. Nxc5 Ra2+ 64. Kg3 R7a3+ 65. Rd3 1-0

[Event "Turkiye Isbank Chess Super League"]
[Site "Ankara TUR"]
[Date "2023.07.16"]
[EventDate "2023.07.10"]
[Round "7.3"]
[Result "1/2-1/2"]
[White "D Gukesh"]
[Black "Nodirbek Yakubboev"]
[WhiteElo "2744"]
[BlackElo "2640"]
[PlyCount "60"]

1. e4 e5 2. Nf3 Nc6 3. Bb5 a6 4. Ba4 Nf6 5. O-O Nxe4 6. d4 b5 7. Bb3 d5 8. dxe5
Be6 9. c3 Be7 10. Bc2 Bg4 11. Qe1 Nc5 12. Nbd2 Ne6 13. Kh1 O-O 14. Ng1 f6 15.
exf6 Rxf6 16. f4 g6 17. f5 Bxf5 18. Bxf5 gxf5 19. Ndf3 f4 20. Nh3 Qd7 21. b3
Raf8 22. Bb2 Bc5 23. c4 d4 24. Nf2 bxc4 25. bxc4 Rf5 26. Rd1 Ng5 27. Nxg5 Rxg5
28. Ne4 Re5 29. Nxc5 Rxc5 30. Ba3 Re5 1/2-1/2

[Event "Turkiye Isbank Chess Super League"]
[Site "Ankara TUR"]
[Date "2023.07.17"]
[EventDate "2023.07.10"]
[Round "8.5"]
[Result "1/2-1/2"]
[White "Nijat Abasov"]
[Black "D Gukesh"]
[WhiteElo "2632"]
[BlackElo "2744"]
[PlyCount "42"]

1. c4 Nf6 2. Nc3 e5 3. Nf3 Nc6 4. e4 Bb4 5. d3 d6 6. Be2 h6 7. a3 Bxc3+ 8. bxc3
Nd7 9. Qc2 b6 10. O-O Bb7 11. Be3 Qe7 12. a4 a5 13. Nd2 g5 14. Bg4 Nf6 15. Bf5
Nh5 16. d4 Ng7 17. Bg4 h5 18. Be2 exd4 19. cxd4 Ne6 20. Qb2 Qf6 21. Nb3 Nf4 1/2-1/2

[Event "Turkiye Isbank Chess Super League"]
[Site "Ankara TUR"]
[Date "2023.07.18"]
[EventDate "2023.07.10"]
[Round "9.2"]
[Result "1-0"]
[White "D Gukesh"]
[Black "Leon Luke Mendonca"]
[WhiteElo "2744"]
[BlackElo "2627"]
[PlyCount "116"]

1. d4 d5 2. Bf4 Nf6 3. e3 c5 4. c3 Nc6 5. Nd2 e6 6. Ngf3 Be7 7. h4 Bd6 8. Ne5
Qc7 9. Ndf3 cxd4 10. exd4 Ne4 11. g3 f6 12. Nd3 O-O 13. Bg2 Kh8 14. Bxd6 Qxd6
15. h5 e5 16. Nh4 Kg8 17. h6 g5 18. Nf3 Bg4 19. Qb3 Rf7 20. dxe5 fxe5 21. Nh2
Be6 22. O-O-O Nf6 23. Nf3 d4 24. Qb5 a6 25. Qc5 Qxc5 26. Nxc5 Bd5 27. c4 Bxf3
28. Bxf3 Rc8 29. Ne4 Nxe4 30. Bxe4 Rxf2 31. Rh5 Kh8 32. Rxg5 Rg8 33. Rxg8+ Kxg8
34. Rh1 Re2 35. Rh4 Ne7 36. Rg4+ Ng6 37. Bxb7 d3 38. Be4 Rc2+ 39. Kd1 Rxb2 40.
c5 Rc2 41. Bxd3 Rxc5 42. Bxa6 Kf7 43. Bd3 Rc3 44. Bc2 Rc6 45. a4 Nf8 46. Rh4 Kf6
47. Rh5 Ng6 48. Rf5+ Ke6 49. Rf3 Ne7 50. g4 Kd5 51. g5 e4 52. Rf7 Ng6 53. Rxh7
Ne5 54. Re7 e3 55. Bb3+ Kd4 56. h7 Rc8 57. Rxe5 Kxe5 58. Bg8 1-0

[Event "Turkiye Isbank Chess Super League"]
[Site "Ankara TUR"]
[Date "2023.07.19"]
[EventDate "2023.07.10"]
[Round "10.6"]
[Result "0-1"]
[White "Vahap Sanal"]
[Black "D Gukesh"]
[WhiteElo "2585"]
[BlackElo "2744"]
[PlyCount "112"]

1. e4 c5 2. Nf3 e6 3. d3 d5 4. Qe2 Nf6 5. g3 Be7 6. Bg2 O-O 7. e5 Nfd7 8. c4 Nc6
9. O-O a6 10. a4 Ndb8 11. h4 Nb4 12. b3 N8c6 13. Rd1 Bd7 14. Bf4 Na5 15. Nbd2
Bc6 16. Ne1 Qd7 17. h5 h6 18. Rab1 b5 19. axb5 axb5 20. Nf1 bxc4 21. bxc4 dxc4
22. dxc4 Qb7 23. Bxc6 Naxc6 24. Nf3 Rfd8 25. Qe4 Na5 26. Qxb7 Nxb7 27. Ne3 Na5
28. g4 Kf8 29. Kg2 Ke8 30. Bg3 Nac6 31. Rxd8+ Kxd8 32. Rd1+ Ke8 33. Kf1 Ra3 34.
Ke2 Na2 35. Kf1 Nc3 36. Rc1 Ne4 37. Kg2 Nxg3 38. Kxg3 Bg5 39. Re1 Ke7 40. Re2
Ke8 41. Kg2 Rc3 42. Nxg5 hxg5 43. Re1 Kf8 44. Re2 Kg8 45. Re1 Kh7 46. Re2 g6 47.
hxg6+ Kxg6 48. Re1 Rd3 49. Rd1 Rxd1 50. Nxd1 Nxe5 51. Ne3 Kf6 52. f3 Nd3 53. Nf1
Ke5 54. Nd2 f5 55. gxf5 exf5 56. Nb3 Kf4 0-1

[Event "Turkiye Isbank Chess Super League"]
[Site "Ankara TUR"]
[Date "2023.07.20"]
[EventDate "2023.07.10"]
[Round "11.1"]
[Result "1-0"]
[White "D Gukesh"]
[Black "Klementy Sychev"]
[WhiteElo "2744"]
[BlackElo "2540"]
[PlyCount "42"]

1. Nf3 Nf6 2. g3 d5 3. Bg2 c5 4. O-O g6 5. d4 cxd4 6. Nxd4 Bg7 7. Nb3 O-O 8. Nc3
e6 9. a4 Nc6 10. a5 Re8 11. h3 h6 12. Be3 Ne5 13. Qc1 Kh7 14. Rd1 Nc4 15. Bc5
Bd7 16. e4 Nxe4 17. Nxe4 dxe4 18. Bxe4 Nxb2 19. Qf4 f5 20. Bxb7 Nxd1 21. Rxd1 e5 1-0